Identidad cultural de nuestra América en José Martí /
Realiza un análisis del pensamiento de José Martí a partir del texto Nuestra América. Primero se analiza el papel del autor como defensor cultural de América y posteriormente se aborda la educación como medio para el desarrollo cultural. Finaliza afirmando que el futuro de la región está en la juven...
Zapisane w:
| 1. autor: | |
|---|---|
| Format: | Książka |
| Język: | Spanish |
| Hasła przedmiotowe: | |
| Etykiety: |
Dodaj etykietę
Nie ma etykietki, Dołącz pierwszą etykiete!
|
MARC
| LEADER | 00000nam a22000007a 4500 | ||
|---|---|---|---|
| 003 | cru CIDCACS/IIS | ||
| 005 | 20170825115819.0 | ||
| 007 | ta | ||
| 008 | 170810s2015 pn |a|||r|||| 00| 0 spa d | ||
| 999 | |c 19561 |d 19561 | ||
| 040 | |c cru CIDCACS/IIS | ||
| 100 | 1 | |9 5134 |a González Herrera, César Julio | |
| 245 | 1 | |a Identidad cultural de nuestra América en José Martí / |c César Julio González Herrera | |
| 300 | |a páginas 7-16 : |b ilustración | ||
| 520 | |a Realiza un análisis del pensamiento de José Martí a partir del texto Nuestra América. Primero se analiza el papel del autor como defensor cultural de América y posteriormente se aborda la educación como medio para el desarrollo cultural. Finaliza afirmando que el futuro de la región está en la juventud. | ||
| 650 | 0 | |9 4465 |a IDENTIDAD CULTURAL | |
| 650 | 1 | 0 | |9 64 |a CAPITALISMO |
| 650 | 4 | |9 1924 |a IMPERIALISMO | |
| 650 | 1 | 0 | |9 944 |a EDUCACION |
| 651 | 1 | 0 | |9 17 |a AMERICA LATINA |
| 773 | 0 | |0 19259 |9 1088 |a Desarrollo Social y Cultural (Panamá) |d Panamá: Lotería Nacional de Beneficencia |o 18249 |t Lotería: |x 0024662X | |
| 942 | |2 ddc |c PP | ||
